Statistics for Paris SG Players 2015

Click here to take the quiz!

General Stats

  • This quiz has been taken 29 times
  • The average score is 19 of 35

Answer Stats

Player Post Country Time Played % Correct
Thiago SilvaDFBrazil4634'
100%
Edinson CavaniSTUruguay3906'
96%
Zlatan IbrahimovicSTSweden3714'
92%
Marco VerrattiMFItaly3299'
88%
Blaise MatuidiMFFrance3866'
84%
David LuizDFBrazil3588'
84%
Kevin TrappGKGermany2250'
80%
Salvatore SiriguGKItaly1863'
80%
Ezequiel LavezziSTArgentina2210'
80%
Angel Di MariaMFArgentina1514'
80%
MarquinhosDFBrazil3130'
80%
Thiago MottaMFItaly3003'
80%
Javier PastoreMFArgentina2568'
76%
Serge AurierDFCote d'Ivoire2020'
76%
Lucas MouraMFBrazil2462'
68%
MaxwellDFBrazil3535'
68%
Adrien RabiotMFFrance2830'
64%
Gregory van der WielDFNetherlands2545'
60%
Layvin KurzawaDFFrance747'
52%
Presnel KimpembeDFFrance45'
44%
Nicolas DouchezGKFrance1227'
40%
Yohan CabayeMFFrance968'
40%
Zoumana CamaraDFFrance316'
40%
Jean-Kévin AugustinSTFrance147'
36%
Benjamin StambouliMFFrance734'
36%
Lucas DigneDFFrance1080'
36%
Jean-Christophe BahebeckSTFrance313'
32%
Hervin OngendaSTFrance78'
28%
Christopher NkunkuMFFrance3'
20%
Clément ChantomeMFFrance75'
16%
Mike MaignanGKFrance0'
16%
Youssouf SabalyDFFrance0'
12%
Romuald LacazetteMFFrance0'
8%
Jeremy KimmakonSTFrance0'
4%
Roli Pereira de SaMFFrance0'
4%

Score Distribution

Percentile by Number Answered

Percent of People with Each Score

Your Score History

You have not taken this quiz